Представление документа в формате MARC21

Поле Инд. ПП Название Значение
Тип записи a
Библиографический уровень m
001 Контрольный номер RU/IS/BASE/291220274
005 Дата корректировки 20250618171844.3
020 a ISBN 978-5-691-01441-3
084 a Индекс другой классификации/Индекс ББК 84(2=411.2)-5я43; 84(2=411.2)51-5я43; 84(2=411.2)52-5я43
090 a Полочн. индекс 84(2=411.2)-5я43
x Авторский знак П 77
245 10 a Заглавие Природа в произведениях русских поэтов от Г. Р. Державина до И. А. Бунина
b Продолж. заглавия антология: в 2 ч.
n Номер части/ раздела Ч.1
p Название части/ раздела От Г. Р. Державина до Н. Ф. Щербины
c Ответственность составители В. Я. Коровина, В. И. Коровин; редактор И. С. Алексеева
260 b Издательство ВЛАДОС
c Дата издания 2009
a Место издания Москва
300 a Объем 423 с.
336 a Термин вида содержания Текст
337 a Термин типа средства непосредственный
440 _0 a Серия Литературная библиотека школьника
505 0_ a Форматированное содержание "Природа, мир, тайник Вселенной. . . "
b Автор Коровин В. И.
521 0_ a Примеч. о целев. назн. школьники; учителя; студенты
650 04 a Основная рубрика литературоведение
a Основная рубрика художественная литература
653 0_ a Ключевые слова XIX век
a Ключевые слова XVIII век
a Ключевые слова анализ литературного произведения
a Ключевые слова красота русской природы
a Ключевые слова новое время
a Ключевые слова природы тема
a Ключевые слова Россия
a Ключевые слова русская литература
a Ключевые слова средние века
655 a Жанр/ форма (устаревшее) поэзия
a Жанр/ форма (устаревшее) стихотворение
700 12 a Автор Коровина В. Я.
e Роль лиц составитель
700 1_ a Автор Коровин В. И.
e Роль лиц составитель; автор статьи
700 1_ a Автор Алексеева И. С.
e Роль лиц редактор
700 1_ a Автор Державин Г. Р.
q Полное имя Державин Гаврила Романович
700 1_ a Автор Карамзин Н. М.
q Полное имя Карамзин Николай Михайлович
700 1_ a Автор Дмитриев И. И.
q Полное имя Дмитриев Иван Иванович
700 1_ a Автор Гнедич Н. И.
q Полное имя Гнедич Николай Иванович
700 1_ a Автор Жуковский В. А.
q Полное имя Жуковский Василий Андреевич
700 1_ a Автор Батюшков К. Н.
q Полное имя Батюшков Константин Николаевич
700 1_ a Автор Глинка Ф. Н.
q Полное имя Глинка Федор Николаевич
700 1_ a Автор Катенин П. А.
q Полное имя Катенин Павел Александрович
700 1_ a Автор Давыдов Д. В.
q Полное имя Давыдов Денис Васильевич
700 1_ a Автор Вяземский П. А.
q Полное имя Вяземский Петр Андреевич
700 1_ a Автор Пушкин А. С.
q Полное имя Пушкин Александр Сергеевич
700 1_ a Автор Дельвиг А. А.
q Полное имя Дельвиг Антон Антонович
700 1_ a Автор Баратынский Е. А.
q Полное имя Баратынский Евгений Абрамович
700 1_ a Автор Языков Н. М.
q Полное имя Языков Николай Михайлович
700 1_ a Автор Козлов И. И.
q Полное имя Козлов Иван Иванович
700 1_ a Автор Крылов А. А.
700 1_ a Автор Туманский В. И.
700 1_ a Автор Туманский Ф. И.
700 1_ a Автор Плетнев П. А.
q Полное имя Плетнев Петр Александрович
700 1_ a Автор Григорьев В. Н.
q Полное имя Григорьев Виктор Николаевич
700 1_ a Автор Ободовский П. Г.
700 1_ a Автор Загорский М. Н.
700 1_ a Автор Шкляревский П. П.
700 1_ a Автор Илличевский А. Д.
q Полное имя Илличевский Алексей Демьянович
700 1_ a Автор Деларю М. Д.
700 1_ a Автор Зайцевский Е. П.
700 1_ a Автор Теплова Н. С.
700 1_ a Автор Раич С. Е.
q Полное имя Раич Семен Егорович
700 1_ a Автор Дмитриев М. А.
q Полное имя Дмитриев Михаил Александрович
700 1_ a Автор Ознобишин Д. П.
700 1_ a Автор Муравьев А. Н.
700 1_ a Автор Струйский Д. Ю.
q Полное имя Струйский Дмитрий Юрьевич
700 1_ a Автор Якубович Л. А.
700 1_ a Автор Подолинский А. И.
q Полное имя Подолинский Андрей Иванович
700 1_ a Автор Соколовский В. И.
700 1_ a Автор Кукольник Н. В.
q Полное имя Кукольник Нестор Васильевич
700 1_ a Автор Бернет Е.
700 1_ a Автор Лермонтов М. Ю.
q Полное имя Лермонтов Михаил Юрьевич
700 1_ a Автор Шевырев С. П.
q Полное имя Шевырев Степан Петрович
700 1_ a Автор Хомяков А. С.
q Полное имя Хомяков Алексей Степанович
700 1_ a Автор Тютчев Ф. И.
q Полное имя Тютчев Федор Иванович
700 1_ a Автор Кольцов А. В.
q Полное имя Кольцов Алексей Васильевич
700 1_ a Автор Бенедиктов В. Г.
700 1_ a Автор Аксаков К. С.
q Полное имя Аксаков Константин Сергеевич
700 1_ a Автор Клюшников И. П.
q Полное имя Клюшников Иван Петрович
700 1_ a Автор Огарев Н. П.
q Полное имя Огарев Николай Платонович
700 1_ a Автор Тургенев И. С.
q Полное имя Тургенев Иван Сергеевич
700 1_ a Автор Плещеев А. Н.
q Полное имя Плещеев Алексей Николаевич
700 1_ a Автор Ростопчина Е. П.
q Полное имя Ростопчина Евдокия Петровна
700 1_ a Автор Гребенка Е. П.
q Полное имя Гребенка Евгений Павлович
700 1_ a Автор Стахович М. А.
700 1_ a Автор Жадовская Ю. В.
q Полное имя Жадовская Юлия Валериановна
700 1_ a Автор Аксаков И. С.
q Полное имя Аксаков Иван Сергеевич
700 1_ a Автор Павлова К. К.
q Полное имя Павлова Каролина Карловна
700 1_ a Автор Фет А. А.
q Полное имя Фет Афанасий Афанасьевич
700 1_ a Автор Григорьев А. А.
q Полное имя Григорьев Аполлон Александрович
700 1_ a Автор Полонский Я. П.
q Полное имя Полонский Яков Петрович
700 1_ a Автор Майков А. Н.
q Полное имя Майков Аполлон Николаевич
700 1_ a Автор Щербина Н. Ф.
q Полное имя Щербина Николай Федорович
720 a Наименование подборки Пушкинская  пора...  Литературные салоны ХIХ века
e Признак/вид подборки Выставки
900 a Имя электронного ресурса obl_PvPRP1
x Справочная информация Обложка
901 t Тип документа m
952 a Тип литературы для КСУ ВШ ЛХИ